00354 2200145 4500001002100000005001500021035002000036245005700056100001600113300001200129260003300141082000800174084001400182990001200196INLIS00000000000166120250429095753 a0010-04250000771 aTuntunan Shalat Lengkap & Wiridan /cKH. Minan Zuhri0 aMinan Zuhri a103 hlm aKudus :bMenara Kudus,c1956 a200 a200 MI t a0754679